| 000 | 01956nam a2200301Ia 4500 | ||
|---|---|---|---|
| 999 |
_c50648 _d50648 |
||
| 001 | 17598 | ||
| 003 | GE_BSU | ||
| 005 | 20200220113025.0 | ||
| 008 | 181216s2012 xx |||||||||||||| ||geo|| | ||
| 020 | _a9789941177958 | ||
| 040 | _cGE_BSU | ||
| 041 | _ageo | ||
| 080 | _a339.138(075.8) ს-15 | ||
| 245 |
_aსაერთაშორისო მარკეტინგი : _bსახელმძღვანელო უმაღლესი სასწავლებლის სტუდენტებისათვის / _cგ. შუბლაძე ; მ. ნანიტაშვილი ; ნ. კაციტაძე ; მ. სეთური ; ნ.კირკვალიძე ; რედ. გ.შუბლაძე . |
||
| 264 |
_aთბილისი : _bუნივერსალი, _c2012. |
||
| 300 |
_a416 გვ ; _c20 სმ. |
||
| 504 | _aბიბლიოგრ.: გვ. 414-416 | ||
| 653 | _aეკონომიკა | ||
| 653 | _aეკონომიკისა და ბიზნესის ინტერნაციონალიზაცია და გლობალიზაცია,საერთაშორისო მარკეტინგის თანამედროვე კონცეფცია,საერთაშორისო მარკეტინგული გარემო,საერთაშორისო ბიზნესის მარკეტინგული კვლევა. | ||
| 653 | _aსაერთაშორისო მარკეტინგი | ||
| 700 |
_aშუბლაძე, გ. _97210 |
||
| 700 |
_aნანიტაშვილი, მ. _97211 |
||
| 700 |
_aკაციტაძე, ნ. _97212 |
||
| 700 |
_a სეთური, მ. _97213 |
||
| 700 |
_aკირკვალიძე, ნ. _97214 |
||
| 700 |
_aშუბლაძე, გ. _eრედაქტორი _97210 |
||
| 942 |
_cBK _2udc |
||